| 000 | 00464cam a2200193ua 4500 | ||
|---|---|---|---|
| 001 | 12055 | ||
| 008 | 200212n ii |||gr||||Z||||||eng | ||
| 020 | _a9789382976417 | ||
| 040 | _cMAIN | ||
| 041 | _aeng | ||
| 082 | _a370 | ||
| 100 |
_aNavajyoti Konwar, _eAuthor. |
||
| 245 |
_aHuman rights education _cBy Navajyoti Konwar |
||
| 250 | _a1st ed. | ||
| 260 |
_aGolaghat: _bSaraswati prakashan, _c2020. |
||
| 300 | _a208p. | ||
| 653 | _aEducation | ||
| 942 | _cBK | ||
| 999 |
_c10838 _d10838 |
||